00907nam a22002535i 450000100060000000300090000600500170001500700030003200800410003501600180007602000180009404000280011208000290014008000280016910000460019724500920024326000350033530000380037050400400040860000330044885200330048199900170051495201220053111049ES-MaACL20231209062939.0t|890202s1986 sp ||||0| spa j7 zSAB9000040827 a84-86290-06-6 aM-BN-DP bspa cM-BN-DP a929 Miranda, Sebastián a73 Miranda, Sebastián1 aGómez-Santos, Marino,d1930-202095815813aEl Tiempo de Sebastián Miranda b: una España insólita / cMarino Gómez-Santos. aMadrid : bTestimonio, c1986. a156 p : bil. col. y n ; c31 cm. aBibliografía: p. 155-156. Indice.14aMiranda, Sebastián.981537 aES-MaACLjL-18423 bR.123476 c11049d11049 00104070aATENEOMbATENEOMcDEPO2d2008-01-17eSCl0oL-18423p1011268r2023-02-23 00:00:00w2023-02-23yMONOGRAFIA